000 01157nam a2200277Ia 4500
008 240527s2024 sp 000 0 spa d
041 _aspa
100 1 _938244
_aRODRIGUEZ NUÑEZ, Manuel
245 1 0 _aPunta de lanza de las políticas LGTBIfóbicas de la derecha extrema
_c/ Manuel Rodríguez Núñez
260 _a[Madrid] :
_bSecretaría Confederal de la Mujeres e Igualdad de Comisiones Obreras,
_c2024
300 _a1 p. ;
_c 30 cm
500 _aEn: Trabajadora, n. 82 (mayo 2024), p. 29
500 _aManuel Rodríguez Núñez es secretario de Políticas Sociales y Diversidad de CCOO de Madrid
650 0 _aIGUALDAD DE DERECHOS
_91832
650 0 _aIGUALDAD DE GENERO
_95513
650 0 _aPOLITICA SOCIAL
_9228
650 0 _aIDEOLOGIA POLITICA
_91711
650 0 _aVIOLENCIA
_92442
650 0 _aDERECHOS HUMANOS
_92569
650 0 _aORIENTACION SEXUAL
_96099
650 0 _aACTITUD SINDICAL
_961
710 2 _aCCOO
_bConfederación Sindical
_bSecretaría de Mujeres, Igualdad y Condiciones de Trabajo
_91831
856 _zPDF
_uhttps://docpublicos.ccoo.es/cendoc/068090PuntaLanzaPoliticas.pdf
907 _aLGTBI+
942 _cDOCU_ELEC
_2ddc
999 _c59551
_d59551